| 000 | 00681nam a2200193 i 4500 | ||
|---|---|---|---|
| 001 | 49365 | ||
| 003 | ES-MaACL | ||
| 005 | 20230906161934.0 | ||
| 007 | t| | ||
| 008 | 030715m19291930fr ||||1| fre d | ||
| 100 | 1 |
_aCorti, Egon Caesar _cconte. _940928 |
|
| 245 | 1 | 3 |
_aLa Maison Rothschild / _cComte Egon Cesar Corti ; traduction française de Pierre Raffegeau. |
| 260 |
_aParis : _bMayenne, _c1929-1930 ( _fImp. Floch) |
||
| 300 |
_a2 v. ; _c23 cm. |
||
| 505 | 8 | _aContiene: V. I: L'essor (1770-1830) ; V. II: L'apogée 1830-1871, et les Temps nouveaux | |
| 600 | 3 | 4 |
_aRothschild (Familia) _9154459 |
| 700 | 1 |
_aRaffegeau, Pierre. _994967 |
|
| 852 |
_aES-MaACL _jE-486-87 _bR.18700 |
||
| 999 |
_c49365 _d49365 |
||